Luis de Molina y el derecho de la guerra

Guardat en:
Dades bibliogràfiques
Autor principal: Fraga Iribarne, Manuel (Autor)
Format: Llibre
Idioma:espanyol
llatí
Publicat: Madrid Consejo Superior de Investigaciones Científicas Instituto Francisco de Vitoria 1947
Matèries:
Etiquetes: Afegir etiqueta
Sense etiquetes, Sigues el primer a etiquetar aquest registre!

MARC

LEADER 00000nam a2200000 a 4500
001 UCT9423
003 CL-VaPUC
008 970404e19470000SP |||||||||||||||||spa|d
041 0 7 |a spa  |2 CL-VaPUC 
041 0 7 |a lat  |2 CL-VaPUC 
082 0 4 |a 341.6  |b FRA  |2 21 
100 0 |a Fraga Iribarne, Manuel  |e author  |9 382094 
245 1 0 |a Luis de Molina y el derecho de la guerra 
300 |a 511 p 
942 |c BK 
945 |d 19970404 00:00:00  |a paguirre 
260 |a Madrid  |b Consejo Superior de Investigaciones Científicas Instituto Francisco de Vitoria  |c 1947 
650 0 |a Guerra  |9 255876 
650 0 |a Agresión bélica   |9 372405 
650 0 |a Conflicto internacional  |9 341259 
650 0 |a Defensa  |9 258306 
650 0 |a Derecho internacional  |9 255637 
583 |a last modification  |c 19970404 00:00:00  |k Rodrigo Vera 
999 |c 257824  |d 257822 
952 |0 0  |1 0  |4 0  |6 341_600000000000000_FRA_1947  |7 0  |8 A  |9 281493  |a BIBDER  |b BIBDER  |d 2019-11-19  |i 1824740  |o 341.6 FRA 1947  |p 1824740  |r 2023-01-25  |w 2019-11-19  |y BK  |k DER 
952 |0 0  |1 0  |4 0  |6 341_600000000000000_FRA_1947  |7 0  |8 DER_TF  |9 281494  |a BIBDER  |b BIBDER  |d 2019-11-19  |i 1880616  |o 341.6 FRA 1947  |p 1880616  |r 2023-01-25  |w 2019-11-19  |x Ubicación 4to Piso  |y BK  |z Estos recursos deben solicitarse con anticipación  |k DER